[Event "17eme open Louviers"]
[Site "?"]
[Date "2013.11.09"]
[Round "2"]
[White "Dunand, Damien"]
[Black "Levesque, Thomas"]
[Result "1/2-1/2"]
[WhiteElo "1725"]
[BlackElo "1985"]
[PlyCount "158"]
[EventDate "2012.05.13"]
[SourceDate "2013.11.25"]

1. c4 e5 2. g3 f5 3. Bg2 Nf6 4. Nc3 d6 5. e3 Be7 6. d4 e4 7. f3 exf3 8. Nxf3
O-O 9. O-O c6 10. Nh4 g6 11. Nf3 Be6 12. Qd3 d5 13. c5 Ne4 14. Ne5 Nd7 15. Nxd7
Qxd7 16. Nxe4 dxe4 17. Qc2 h5 18. Qf2 Rf7 19. Bd2 h4 20. b3 Rh7 21. gxh4 Bxh4
22. Qe2 Qc7 23. h3 g5 24. Be1 g4 25. Bxh4 Rxh4 26. Rf4 Qg7 27. hxg4 Rd8 28.
Raf1 fxg4 29. Bxe4 Rh6 30. Bf5 Bxf5 31. Rxf5 g3 32. Qc4+ Kh8 33. Qf7 Qg4 34.
Qf8+ Rxf8 35. Rxf8+ Kh7 36. R1f7+ Kg6 37. Rg8+ Kh5 38. Rxg4 Kxg4 39. Rf4+ Kh3
40. a4 Rh7 41. b4 b6 42. e4 bxc5 43. bxc5 Rb7 44. Rf1 Rb4 45. e5 Rxd4 46. Re1
Rd7 47. e6 Re7 48. Re3 Kg4 49. Kg2 Kf5 50. Kxg3 Rxe6 51. Rf3+ Ke4 52. Rf7 Kd5
53. Rxa7 Kxc5 54. Ra6 Kb4 55. Kf4 Kc5 56. Ra5+ Kb4 57. Ra6 Kc4 58. Rb6 Kd5 59.
a5 Re4+ 60. Kf5 Ra4 61. Ra6 Ra1 62. Ra8 Rf1+ 63. Kg4 Kc5 64. Ra6 Rf8 65. Kg5
Rc8 66. Kf5 Kb5 67. Ra7 c5 68. Ke4 Rd8 69. Rc7 Ra8 70. Kd5 Rd8+ 71. Ke4 Rd6 72.
Ke5 Rd1 73. a6 Kb6 74. Rc8 Rd7 75. Ra8 c4 76. Rc8 Kb5 77. Ke6 Rh7 78. Kd5 Rg7
79. Rc5+ Kxa6 1/2-1/2

[Event "17eme open Louviers"]
[Site "?"]
[Date "2013.11.09"]
[Round "2"]
[White "Burdet, Francois"]
[Black "Bordelet, Arthur"]
[Result "0-1"]
[WhiteElo "1952"]
[BlackElo "1690"]
[PlyCount "62"]
[EventDate "2012.05.13"]
[SourceDate "2013.11.25"]

1. e4 d6 2. d4 Nf6 3. Nc3 Nbd7 4. Bg5 e5 5. Nf3 c6 6. Bc4 Be7 7. dxe5 dxe5 8.
Qd2 Qc7 9. O-O-O b5 10. Bxf6 Nxf6 11. Bb3 O-O 12. Ng5 a5 13. a4 b4 14. Nb1 Ba6
15. Qe3 c5 16. Bd5 Rab8 17. b3 Ng4 18. Qg3 Bxg5+ 19. Kb2 Nxf2 20. Qxf2 c4 21.
bxc4 Bxc4 22. Qf5 Bh6 23. Rhe1 Rfc8 24. Qf2 Ba6 25. Bb3 Bc4 26. Bxc4 Qxc4 27.
Qe2 Qc6 28. Rd5 Qxa4 29. Red1 b3 30. Nc3 bxc2+ 31. Rb5 Rxb5+ 0-1

[Event "17eme open Louviers"]
[Site "?"]
[Date "2013.11.09"]
[Round "2"]
[White "Laumesfeld, Laurent"]
[Black "Abdat, Rachid"]
[Result "0-1"]
[WhiteElo "1699"]
[BlackElo "1926"]
[PlyCount "56"]
[EventDate "2012.05.13"]
[SourceDate "2013.11.26"]

1. e4 e6 2. d4 d5 3. Nc3 Bb4 4. e5 c5 5. a3 cxd4 6. axb4 dxc3 7. Qg4 cxb2 8.
Bxb2 g6 9. Bd3 h5 10. Qe2 Nc6 11. Bb5 Bd7 12. Bxc6 bxc6 13. Nf3 Qb6 14. Bc3 c5
15. bxc5 Qxc5 16. Bd4 Qb4+ 17. c3 Qb7 18. Qd2 Bb5 19. Qc2 Ne7 20. Kd2 Kd7 21.
Rhb1 a6 22. Ng5 Nf5 23. f3 Rac8 24. Qb2 Ke8 25. Bf2 Qc7 26. f4 Qc4 27. Qa3 Qd3+
28. Kc1 Rxc3+ 0-1

[Event "17eme open Louviers"]
[Site "?"]
[Date "2013.11.09"]
[Round "2"]
[White "Blondel, Jean-Michel"]
[Black "Garcia, Adrien"]
[Result "0-1"]
[WhiteElo "1515"]
[BlackElo "1785"]
[PlyCount "60"]
[EventDate "2012.05.13"]
[SourceDate "2013.11.26"]

1. e4 Nf6 2. d3 d5 3. exd5 Nxd5 4. Nf3 g6 5. Be2 Bg7 6. O-O O-O 7. d4 Bf5 8. c4
Nb4 9. Na3 N8c6 10. d5 Ne5 11. Nd4 Bd3 12. Ndc2 Nxc2 13. Nxc2 Bxc4 14. Bxc4
Nxc4 15. Rb1 Nb6 16. Ne3 Qd6 17. Qd3 Rad8 18. Rd1 e6 19. b3 exd5 20. Bd2 Rfe8
21. Ba5 d4 22. Qc2 Qe5 23. Bxb6 axb6 24. Nc4 Qe2 25. Nd2 d3 26. Qxc7 Rc8 27.
Qxb6 Rc2 28. Re1 Qxe1+ 29. Rxe1 Rxe1+ 30. Nf1 Rxf1+ 0-1

[Event "17eme open Louviers"]
[Site "?"]
[Date "2013.11.09"]
[Round "2"]
[White "Bekkaye, Mohammed"]
[Black "Julien, Franck"]
[Result "0-1"]
[WhiteElo "1499"]
[BlackElo "1678"]
[PlyCount "88"]
[EventDate "2012.05.13"]
[SourceDate "2013.11.26"]

1. d4 Nf6 2. c4 d5 3. Nc3 c6 4. cxd5 cxd5 5. Nf3 e6 6. Bg5 Be7 7. e3 Bd7 8. Bd3
O-O 9. O-O Nc6 10. a3 h6 11. Bh4 a6 12. Rc1 Rc8 13. Bb1 Ne8 14. Qc2 g6 15. Bg3
f5 16. Ne5 Nxe5 17. Bxe5 Bf6 18. Bf4 Bg7 19. g4 Bc6 20. Qe2 Nd6 21. Qf3 g5 22.
Bxd6 Qxd6 23. gxf5 exf5 24. Bxf5 Qf6 25. Nxd5 Qd6 26. e4 Bd7 27. Rxc8 Bxc8 28.
Qg4 Bxf5 29. Qe2 Be6 30. Nc3 Qxd4 31. Rd1 Qc5 32. Na4 Qc6 33. Nc3 Qc8 34. Nd5
Bxd5 35. exd5 Qd7 36. d6 Re8 37. Qc4+ Kh8 38. f3 Be5 39. h4 gxh4 40. Qxh4 Qg7+
41. Kf2 Bf6 42. Qh3 Bd4+ 43. Rxd4 Qxd4+ 44. Kg3 Rg8+ 0-1

[Event "17eme open Louviers"]
[Site "?"]
[Date "2013.11.09"]
[Round "2"]
[White "Arinal, Serge"]
[Black "Lerdu, Gaspard"]
[Result "1-0"]
[WhiteElo "1666"]
[BlackElo "1500"]
[PlyCount "103"]
[EventDate "2012.05.13"]
[SourceDate "2013.11.26"]

1. Nf3 d5 2. c4 Nc6 3. Nc3 Nf6 4. e3 e5 5. cxd5 Nxd5 6. Bb5 Nxc3 7. bxc3 Bd7 8.
O-O Bd6 9. d4 e4 10. Nd2 Qh4 11. g3 Qh3 12. Nxe4 Bg4 13. Nxd6+ cxd6 14. f3 Be6
15. d5 Bd7 16. dxc6 bxc6 17. Ba4 Qe6 18. Bb3 d5 19. e4 Qd6 20. exd5 Qc5+ 21.
Qd4 Qxd4+ 22. cxd4 O-O 23. dxc6 Bxc6 24. d5 Bb5 25. Re1 Rad8 26. Ba3 Rfe8 27.
d6 Re2 28. Rxe2 Bxe2 29. Kf2 Bb5 30. Re1 g6 31. Re7 Rf8 32. Rxa7 h5 33. Bb2 g5
34. Bf6 Bc6 35. d7 Kh7 36. d8=Q Rxd8 37. Bxd8 Kg6 38. Ra6 Kf5 39. Rxc6 f6 40.
Rxf6+ Ke5 41. f4+ gxf4 42. gxf4+ Kd4 43. Bb6+ Ke4 44. Bc2+ Kd5 45. a4 Kc4 46.
a5 Kb5 47. Bd3+ Kb4 48. a6 Kc3 49. Ke3 h4 50. Ba5+ Kb2 51. Rb6+ Kc1 52. Rb1#
1-0

[Event "17eme open Louviers"]
[Site "?"]
[Date "2013.11.09"]
[Round "2"]
[White "Bailly, Thierry"]
[Black "Naji, Nil"]
[Result "0-1"]
[WhiteElo "1445"]
[BlackElo "1650"]
[PlyCount "126"]
[EventDate "2012.05.13"]
[SourceDate "2013.11.26"]

1. e4 d6 2. Bc4 e5 3. c3 Nf6 4. d3 Be7 5. Be3 O-O 6. Nd2 c6 7. d4 Nbd7 8. Ngf3
b5 9. Bd3 a5 10. Nf1 Bb7 11. Ng3 g6 12. Bh6 Re8 13. O-O Ng4 14. Qd2 Nxh6 15.
Qxh6 Bf8 16. Qe3 exd4 17. Nxd4 d5 18. Nde2 dxe4 19. Bc2 Bc5 20. Qf4 e3 21. f3
Nf8 22. Ne4 Ne6 23. Qe5 Be7 24. Bb3 Qc7 25. Nf6+ Bxf6 26. Qxf6 Qe7 27. Qxe7
Rxe7 28. Bxe6 Rxe6 29. Nd4 Re7 30. Rfe1 Rd8 31. Re2 b4 32. Rae1 bxc3 33. bxc3
c5 34. Nb3 c4 35. Nc5 Bc6 36. Ne4 Bxe4 37. fxe4 Rxe4 38. Rxe3 Rxe3 39. Rxe3 Rd2
40. Re4 Rxa2 41. Rxc4 a4 42. Rd4 a3 43. Ra4 Ra1+ 44. Kf2 Kf8 45. Ke2 a2 46. Kd2
Rg1 47. Ra8+ Kg7 48. c4 a1=Q 49. Rxa1 Rxa1 50. Kd3 Kf6 51. c5 Ke6 52. c6 Kd6
53. h4 Kxc6 54. g4 Ra4 55. g5 Rxh4 56. Kc3 Kc5 57. Kd3 Rg4 58. Ke3 Kd5 59. Kf3
Rxg5 60. Kf4 Re5 61. Kg4 Ke4 62. Kh4 Kf3 63. Kh3 Rh5# 0-1

[Event "17eme open Louviers"]
[Site "?"]
[Date "2013.11.09"]
[Round "2"]
[White "Rousselin, Marc"]
[Black "Grenet, Dominique"]
[Result "1-0"]
[WhiteElo "1628"]
[BlackElo "1480"]
[PlyCount "75"]
[EventDate "2012.05.13"]
[SourceDate "2013.11.26"]

1. e4 e5 2. Nf3 Nc6 3. Bb5 d6 4. d4 Bd7 5. O-O Nf6 6. Re1 Be7 7. c3 a6 8. Ba4
b5 9. Bc2 Bg4 10. d5 Na5 11. Nbd2 Nb7 12. Nf1 Nc5 13. Ne3 Bh5 14. Nf5 O-O 15.
b4 Nb7 16. Qd3 Qd7 17. N3h4 Bg6 18. Bd1 Qd8 19. Nxe7+ Qxe7 20. Bg5 h6 21. Nxg6
fxg6 22. Bd2 Nh5 23. g3 Rf7 24. Bg4 Kh7 25. Be3 Raf8 26. a4 Nf6 27. Be6 h5 28.
Bg5 Nd8 29. Bxf7 Qxf7 30. Bxf6 Qxf6 31. Rf1 c6 32. axb5 axb5 33. dxc6 Nxc6 34.
Ra6 Rc8 35. Qd5 Ne7 36. Qxd6 Rxc3 37. Qxf6 gxf6 38. Ra7 1-0

[Event "17eme open Louviers"]
[Site "?"]
[Date "2013.11.09"]
[Round "2"]
[White "Pineau, Patrick"]
[Black "Le Gallic, Yann"]
[Result "0-1"]
[WhiteElo "1405"]
[BlackElo "1619"]
[PlyCount "56"]
[EventDate "2012.05.13"]
[SourceDate "2013.11.26"]

1. d4 Nf6 2. c4 e5 3. dxe5 Ng4 4. Nf3 Nc6 5. Nc3 Ngxe5 6. e4 d6 7. Bg5 Nxf3+ 8.
Qxf3 Qxg5 9. Nd5 Qd8 10. Qe3 Be6 11. O-O-O Be7 12. Nxe7 Qxe7 13. Kb1 O-O 14.
Bd3 Ne5 15. Be2 Bxc4 16. Bxc4 Nxc4 17. Qd4 Ne5 18. f4 Nc6 19. Qe3 Rfe8 20. Ka1
Qxe4 21. Qg3 Qg6 22. Qf3 Qe4 23. Qg4 Nb4 24. a3 Nc2+ 25. Ka2 Ne3 26. Qd7 Nxd1
27. Rxd1 Qe6+ 28. Qxe6 Rxe6 0-1

[Event "17eme open Louviers"]
[Site "?"]
[Date "2013.11.09"]
[Round "2"]
[White "Langlet, Stephanie"]
[Black "Normand, Franck"]
[Result "1-0"]
[WhiteElo "1590"]
[BlackElo "1410"]
[PlyCount "129"]
[EventDate "2012.05.13"]
[SourceDate "2013.11.26"]

1. e4 d5 2. exd5 Nf6 3. Nf3 Nxd5 4. Bc4 Nc6 5. Bxd5 Qxd5 6. Nc3 Qe6+ 7. Qe2
Qxe2+ 8. Nxe2 Bg4 9. Ned4 Bxf3 10. Nxf3 O-O-O 11. c3 e5 12. O-O f5 13. b4 e4
14. Ng5 Ne5 15. f3 Be7 16. f4 Bxg5 17. fxe5 g6 18. d4 Bxc1 19. Raxc1 Rhe8 20.
a4 a6 21. g4 Rf8 22. e6 Rd6 23. gxf5 gxf5 24. Rf4 Rxe6 25. Kf2 Rg6 26. d5 c6
27. c4 Kc7 28. Re1 Rgf6 29. Ke3 cxd5 30. cxd5 Kd6 31. Kd4 R8f7 32. Rc1 Rg6 33.
Rcf1 Rgf6 34. h4 h5 35. b5 a5 36. b6 Rf8 37. Rc1 Ke7 38. Rc7+ Kd6 39. Rxb7 Rg8
40. Rc7 Rff8 41. Rc6+ Kd7 42. Rh6 Rg4 43. Rf1 Rxh4 44. Rh7+ Kc8 45. Rc1+ Kb8
46. Rc5 e3+ 47. Kxe3 f4+ 48. Kf3 Rh3+ 49. Kf2 Rh2+ 50. Kf3 Rh3+ 51. Ke4 Re3+
52. Kd4 Rfe8 53. d6 R3e4+ 54. Kd5 R4e5+ 55. Kc4 Rxc5+ 56. Kxc5 Rf8 57. Rxh5 f3
58. Rh1 f2 59. Rf1 Kb7 60. d7 Rd8 61. Kd6 Kxb6 62. Rxf2 Rh8 63. Rb2+ Ka6 64.
Kc7 Rh7 65. Kc8 1-0

[Event "17eme open Louviers"]
[Site "?"]
[Date "2013.11.09"]
[Round "2"]
[White "Marie, Isabelle"]
[Black "Roche, Jan-Francois"]
[Result "0-1"]
[WhiteElo "1200"]
[BlackElo "1587"]
[PlyCount "76"]
[EventDate "2012.05.13"]
[SourceDate "2013.11.26"]

1. c4 f5 2. Nc3 Nf6 3. d3 g6 4. e4 d6 5. exf5 Bxf5 6. Nf3 Bg7 7. Nd5 Nxd5 8.
cxd5 O-O 9. Be2 Nd7 10. O-O c6 11. Qb3 Nc5 12. Qd1 cxd5 13. h3 e5 14. g4 Bd7
15. d4 exd4 16. Nxd4 Qh4 17. Nf3 Qxh3 18. Qxd5+ Kh8 19. Ng5 Bc6 20. Nxh3 Bxd5
21. Rd1 Bc6 22. Rxd6 Rae8 23. Rd2 Re7 24. a4 Nb3 25. Rb1 Nxd2 26. Bxd2 Rxe2 27.
Bc3 Bxc3 28. bxc3 Rfe8 29. Kf1 Rc2 30. Rd1 Bxa4 31. Rd4 Bb5+ 32. Kg2 Rxc3 33.
Ng5 Rc4 34. Rd5 Bc6 35. Nf7+ Kg7 36. Nd6 Bxd5+ 37. Kg3 Rc3+ 38. Kh2 Re2 0-1

[Event "17eme open Louviers"]
[Site "?"]
[Date "2013.11.09"]
[Round "2"]
[White "Jolly, Hugo"]
[Black "Colin-Chen, Christine"]
[Result "1-0"]
[WhiteElo "1550"]
[BlackElo "1370"]
[PlyCount "95"]
[EventDate "2012.05.13"]
[SourceDate "2013.11.26"]

1. e4 c5 2. Nf3 Nc6 3. d4 cxd4 4. Nxd4 g6 5. Be3 Bg7 6. Nc3 Nf6 7. Bc4 O-O 8.
O-O a6 9. a4 Qc7 10. h3 d6 11. Bb3 Bd7 12. Qd2 Rac8 13. Rad1 Qa5 14. Bh6 Ne5
15. Bxg7 Kxg7 16. f4 Nc4 17. Bxc4 Rxc4 18. f5 Qc5 19. Kh1 Bc6 20. fxg6 hxg6 21.
Qf2 Qe5 22. Nxc6 Rxc6 23. Qd4 Rc5 24. Rfe1 Qxd4 25. Rxd4 Re5 26. Rc4 Rc5 27.
Rb4 Rc7 28. e5 dxe5 29. Rxe5 e6 30. Ne4 Nxe4 31. Rexe4 Rd8 32. Rec4 Rxc4 33.
Rxc4 Rd7 34. b4 e5 35. Re4 Kf6 36. g4 Rd4 37. Rxd4 exd4 38. Kg2 Ke5 39. Kf3 b6
40. h4 f5 41. Kg3 f4+ 42. Kf3 b5 43. axb5 axb5 44. h5 gxh5 45. gxh5 Kf5 46. h6
Kg6 47. h7 Kxh7 48. Kxf4 1-0

[Event "17eme open Louviers"]
[Site "?"]
[Date "2013.11.09"]
[Round "2"]
[White "Voegele, Francois-Marie"]
[Black "Jolly, Arthur"]
[Result "0-1"]
[WhiteElo "1090"]
[BlackElo "1526"]
[PlyCount "76"]
[EventDate "2012.05.13"]
[SourceDate "2013.11.26"]

1. f4 c5 2. e4 Nc6 3. Nf3 g6 4. Be2 Bg7 5. d3 e6 6. O-O Nge7 7. Nc3 Qb6 8. Qe1
O-O 9. b3 d5 10. Bd2 Rd8 11. Rd1 dxe4 12. dxe4 Qc7 13. a3 Bh6 14. e5 Qb6 15.
Rb1 Nf5 16. a4 c4+ 17. Kh1 Ne3 18. Bxe3 Qxe3 19. Nd1 Qxf4 20. Bxc4 Bg7 21. Nf2
Nxe5 22. Qe2 Nxf3 23. gxf3 Rd2 24. Nh3 Rxe2 25. Nxf4 Rxc2 26. Bd3 Rd2 27. Bc4
Be5 28. Ne2 Bd7 29. Ng3 a6 30. Rfe1 Bc7 31. Re3 b5 32. axb5 axb5 33. Bd3 Bb6
34. Be4 Raa2 35. Nf1 Bxe3 36. Nxd2 Rxd2 37. Ra1 Bf4 38. Rg1 Rxh2# 0-1

[Event "17eme open Louviers"]
[Site "?"]
[Date "2013.11.10"]
[Round "3"]
[White "Khudovekov, Stanislav"]
[Black "Guliyev, Namig"]
[Result "0-1"]
[WhiteElo "2023"]
[BlackElo "2563"]
[PlyCount "88"]
[EventDate "2012.05.13"]
[SourceDate "2013.11.27"]

1. Nf3 d5 2. c4 d4 3. g3 Nc6 4. Bg2 e5 5. d3 Nf6 6. O-O Nd7 7. Na3 Bxa3 8. bxa3
O-O 9. Rb1 Nc5 10. Rb5 Qd6 11. a4 a6 12. Rb1 a5 13. Nd2 Nb4 14. a3 Nba6 15. Nb3
Nxa4 16. Bd2 Nc3 17. Bxc3 dxc3 18. Nxa5 Nc5 19. Nxb7 Bxb7 20. Bxb7 Rxa3 21. Qc2
c6 22. Rb6 e4 23. dxe4 Qc7 24. Rfb1 Ra1 25. Bxc6 Rxb1+ 26. Rxb1 Qxc6 27. f3 Qf6
28. Rc1 Qd4+ 29. Kf1 Qxc4 30. Qxc3 Qxc3 31. Rxc3 Ne6 32. f4 f6 33. Kf2 Ra8 34.
Rc6 Kf7 35. Rb6 Nc5 36. Rb4 Ke6 37. Kf3 h5 38. Rb6+ Kd7 39. e5 Ra3+ 40. e3 fxe5
41. fxe5 Ra4 42. Rg6 Ne6 43. h4 Ke7 44. g4 Kf7 0-1

[Event "17eme open Louviers"]
[Site "?"]
[Date "2013.11.10"]
[Round "3"]
[White "Tirard, Hugo"]
[Black "Boursier, Xavier"]
[Result "1-0"]
[WhiteElo "2416"]
[BlackElo "2019"]
[PlyCount "63"]
[EventDate "2012.05.13"]
[SourceDate "2013.11.27"]

1. e4 c5 2. Nf3 Nc6 3. Bb5 g6 4. O-O Bg7 5. Re1 Nf6 6. e5 Nd5 7. Nc3 Nc7 8.
Bxc6 dxc6 9. Ne4 Ne6 10. d3 O-O 11. Be3 b6 12. c3 Nc7 13. h3 Bf5 14. Bf4 Qd5
15. g4 Be6 16. Nd6 c4 17. Nxc4 Rfd8 18. Ne3 Qxd3 19. Nd4 Qe4 20. Ng2 Qd5 21.
Qe2 c5 22. Nxe6 Qxe6 23. Bg3 Qc6 24. Rad1 Ne6 25. f4 Rxd1 26. Rxd1 Rd8 27. f5
Rxd1+ 28. Qxd1 Ng5 29. h4 Ne4 30. Qd8+ Bf8 31. Bf4 g5 32. hxg5 1-0

[Event "17eme open Louviers"]
[Site "?"]
[Date "2013.11.10"]
[Round "3"]
[White "Abdat, Rachid"]
[Black "Kirszenberg, Marc"]
[Result "0-1"]
[WhiteElo "1926"]
[BlackElo "2201"]
[PlyCount "86"]
[EventDate "2012.05.13"]
[SourceDate "2013.11.28"]

1. e4 d5 2. exd5 Nf6 3. d6 exd6 4. Nf3 d5 5. d4 Bd6 6. Be2 O-O 7. O-O Bf5 8. c4
dxc4 9. Bxc4 Nbd7 10. Nc3 Nb6 11. Bb3 h6 12. h3 c6 13. Bc2 Bxc2 14. Qxc2 Re8
15. b3 Nbd5 16. Nxd5 cxd5 17. Be3 Rc8 18. Qd3 a6 19. a4 Ne4 20. Rfc1 Qa5 21.
Nd2 f5 22. Nxe4 dxe4 23. Qd2 Qd5 24. Rxc8 Rxc8 25. Rc1 Rc6 26. Rxc6 bxc6 27. g3
Qxb3 28. Qa5 Qd1+ 29. Kh2 Bxg3+ 30. Kxg3 f4+ 31. Bxf4 Qf3+ 32. Kh2 Qxf2+ 33.
Kh1 Qf1+ 34. Kh2 Qxf4+ 35. Kg2 Qf3+ 36. Kh2 Qf2+ 37. Kh1 Qf1+ 38. Kh2 e3 39.
Qd8+ Kh7 40. Qh4 Qf2+ 41. Qxf2 exf2 42. Kg2 Kg6 43. Kxf2 Kf5 0-1

[Event "17eme open Louviers"]
[Site "?"]
[Date "2013.11.10"]
[Round "3"]
[White "Bordelet, Arthur"]
[Black "Chalmeton, Guillaume"]
[Result "0-1"]
[WhiteElo "1690"]
[BlackElo "2050"]
[PlyCount "34"]
[EventDate "2012.05.13"]
[SourceDate "2013.11.28"]

1. e4 c5 2. Nf3 a6 3. h3 Nc6 4. c3 d5 5. exd5 Qxd5 6. Be2 e5 7. d3 Nf6 8. O-O
Be7 9. Be3 O-O 10. Qc2 h6 11. Rd1 Bf5 12. Nbd2 c4 13. Nf1 cxd3 14. Bxd3 e4 15.
Be2 exf3 16. Bxf3 Qxf3 17. gxf3 Bxc2 0-1

[Event "17eme open Louviers"]
[Site "?"]
[Date "2013.11.10"]
[Round "3"]
[White "Levesque, Thomas"]
[Black "Andrieu, Philippe"]
[Result "0-1"]
[WhiteElo "1985"]
[BlackElo "1891"]
[PlyCount "92"]
[EventDate "2012.05.13"]
[SourceDate "2013.11.28"]

1. d4 d5 2. c4 Nc6 3. Nc3 e5 4. cxd5 Nxd4 5. e3 Nf5 6. Qb3 a6 7. a4 Nf6 8. Nf3
Bd6 9. h3 Ne7 10. e4 Nd7 11. Be3 Ng6 12. Nd2 O-O 13. g3 Bc5 14. Nd1 b6 15. Qc2
Bb7 16. Bxc5 Nxc5 17. b4 Nd7 18. Ne3 Ne7 19. Bc4 c5 20. b5 axb5 21. Bxb5 f5 22.
Bc4 Kh8 23. exf5 Nf6 24. Ne4 Nfxd5 25. Rd1 Nxe3 26. fxe3 Qc7 27. g4 Qc6 28. Nf2
Rxa4 29. e4 b5 30. Be6 Rd4 31. Rxd4 exd4 32. O-O c4 33. Qd2 d3 34. Qg5 Qc5 35.
Kg2 c3 36. Bb3 Qb4 37. Kf3 h6 38. Qh4 Ng6 39. Qh5 Ne5+ 40. Kg3 Qxb3 41. f6 Qe6
42. g5 Qf7 43. fxg7+ Qxg7 44. Ng4 Nxg4 45. Rxf8+ Qxf8 46. hxg4 Bxe4 0-1

[Event "17eme open Louviers"]
[Site "?"]
[Date "2013.11.10"]
[Round "3"]
[White "Duverne, Jean-Marie"]
[Black "Dunand, Damien"]
[Result "1-0"]
[WhiteElo "2102"]
[BlackElo "1725"]
[PlyCount "111"]
[EventDate "2012.05.13"]
[SourceDate "2013.11.28"]

1. e4 c5 2. Nf3 Nc6 3. d4 d6 4. d5 Ne5 5. Nxe5 dxe5 6. Bb5+ Bd7 7. Bxd7+ Qxd7
8. O-O Nf6 9. Qe2 e6 10. c4 exd5 11. exd5 Bd6 12. Bg5 Qf5 13. Bxf6 Qxf6 14. Nc3
O-O 15. Ne4 Qe7 16. Rae1 Rae8 17. Qh5 f5 18. Ng5 h6 19. Ne6 Qf7 20. Qd1 Rxe6
21. dxe6 Qxe6 22. Qd5 Qxd5 23. cxd5 g5 24. Re2 c4 25. Rc1 b5 26. a4 Rb8 27. g3
Kf7 28. Kg2 Kf6 29. f3 Rb6 30. axb5 Rxb5 31. Rxc4 Rxd5 32. Rec2 Rd4 33. Rxd4
exd4 34. Kf1 h5 35. Rc6 Ke5 36. Ke2 h4 37. gxh4 gxh4 38. h3 a5 39. Kd3 Bb4 40.
Rc4 Kf4 41. Rxd4+ Kg3 42. Ke2 Kxh3 43. Rf4 Kg3 44. Rxf5 h3 45. Rg5+ Kh4 46.
Rg4+ Kh5 47. Kf2 Bd6 48. b3 Bh2 49. Rg8 Be5 50. Ra8 Kh4 51. Rg8 Bd4+ 52. Kf1
Be3 53. Rg4+ Kh5 54. Re4 Bd2 55. Kg1 Kg5 56. Kh2 1-0

[Event "17eme open Louviers"]
[Site "?"]
[Date "2013.11.10"]
[Round "3"]
[White "Julien, Franck"]
[Black "Burdet, Francois"]
[Result "1/2-1/2"]
[WhiteElo "1678"]
[BlackElo "1952"]
[PlyCount "80"]
[EventDate "2012.05.13"]
[SourceDate "2013.11.29"]

1. d4 Nf6 2. c4 c5 3. d5 b5 4. b3 g6 5. Bb2 Bg7 6. Nd2 Qa5 7. f3 O-O 8. e4 bxc4
9. Bxc4 Nxe4 10. Bxg7 Nxd2 11. Qxd2 Qxd2+ 12. Kxd2 Kxg7 13. Ne2 d6 14. Rhe1 a5
15. Nc3 Ra7 16. Re3 Ba6 17. Nb5 Rb7 18. a4 Rc8 19. Rae1 Kf8 20. g3 Bxb5 21.
Bxb5 Rcc7 22. Kc3 Rb6 23. Bc4 Na6 24. Kb2 Rcb7 25. f4 Nb8 26. g4 Nd7 27. g5 Rb4
28. Rxe7 Rxc4 29. Rxd7 Rcb4 30. Rxb7 Rxb7 31. Re4 Kg7 32. Kc3 h6 33. h4 hxg5
34. fxg5 Kf8 35. Kc2 Re7 36. Kd3 f5 37. Rxe7 Kxe7 38. Ke3 Kf7 39. Kf4 Kg7 40.
Ke3 Kf7 1/2-1/2

[Event "17eme open Louviers"]
[Site "?"]
[Date "2013.11.10"]
[Round "3"]
[White "Naji, Nil"]
[Black "Blondel, Jerome"]
[Result "0-1"]
[WhiteElo "1650"]
[BlackElo "1924"]
[PlyCount "86"]
[EventDate "2012.05.13"]
[SourceDate "2013.11.29"]

1. e4 d5 2. exd5 Qxd5 3. Nc3 Qd6 4. g3 Nf6 5. Bg2 a6 6. Nge2 Nc6 7. O-O Bg4 8.
f3 Bf5 9. d3 O-O-O 10. Be3 h5 11. Ne4 Bxe4 12. fxe4 h4 13. d4 Ng4 14. Bh3 f5
15. Rxf5 Nxe3 16. Rxf8+ Kb8 17. Rxd8+ Nxd8 18. Qd3 hxg3 19. Qxe3 Rxh3 20. Nxg3
Ne6 21. Rf1 g5 22. c3 Nf4 23. Rf3 Qb6 24. b3 Qa5 25. a4 b5 26. axb5 axb5 27. c4
bxc4 28. bxc4 Qa1+ 29. Rf1 Qa2 30. Rf2 Qxc4 31. Rb2+ Kc8 32. Rf2 Kd7 33. Qd2
Rh8 34. Qd1 Nh3+ 35. Kg2 Nxf2 36. Kxf2 Rxh2+ 37. Kg1 Qc2 38. Qf3 Ke8 39. Nf1
Rh4 40. Qf5 Qxe4 41. Qb5+ c6 42. Qb8+ Kf7 43. Qb3+ Qd5 0-1

[Event "17eme open Louviers"]
[Site "?"]
[Date "2013.11.10"]
[Round "3"]
[White "Vigneron, Frederic"]
[Black "Arinal, Serge"]
[Result "1-0"]
[WhiteElo "1910"]
[BlackElo "1666"]
[PlyCount "91"]
[EventDate "2012.05.13"]
[SourceDate "2013.11.29"]

1. d4 Nf6 2. c4 e6 3. Nf3 b6 4. g3 Bb7 5. Bg2 Be7 6. O-O O-O 7. Nc3 d5 8. Ne5
c6 9. Qb3 Nbd7 10. Nxd7 Qxd7 11. Rd1 Ba6 12. cxd5 Nxd5 13. e4 Nxc3 14. bxc3
Rab8 15. Bf4 Bd6 16. Bxd6 Qxd6 17. Qa4 Be2 18. Rd2 b5 19. Qxa7 Ra8 20. e5 Rxa7
21. exd6 Bc4 22. Bxc6 Ra6 23. d5 exd5 24. Bxd5 Rxd6 25. Bxf7+ Kxf7 26. Rxd6 Ra8
27. a3 h6 28. Rd4 Ra4 29. Kg2 Kf6 30. Kf3 Kf5 31. g4+ Ke6 32. h4 Ra7 33. Ke3
Ra4 34. f4 Kf6 35. f5 Ke5 36. Re4+ Kf6 37. Kf4 g5+ 38. fxg6 Kxg6 39. Rd4 Kf6
40. g5+ hxg5+ 41. hxg5+ Kg6 42. Rh1 Rxa3 43. Rh6+ Kg7 44. Rd7+ Bf7 45. Rf6 Ra4+
46. Ke5 1-0

[Event "17eme open Louviers"]
[Site "?"]
[Date "2013.11.10"]
[Round "3"]
[White "Guillaumat, Jean-Pierre"]
[Black "Rousselin, Marc"]
[Result "1/2-1/2"]
[WhiteElo "1838"]
[BlackElo "1628"]
[PlyCount "57"]
[EventDate "2012.05.13"]
[SourceDate "2013.11.29"]

1. d4 d5 2. Nf3 Nf6 3. b4 Bf5 4. e3 e6 5. a3 Bd6 6. Bb2 c6 7. c4 Nbd7 8. Nbd2
O-O 9. Be2 Re8 10. c5 Bc7 11. Ne5 Nxe5 12. dxe5 Nd7 13. Nf3 f6 14. exf6 Nxf6
15. Ne5 Nd7 16. Nf3 e5 17. O-O Nf6 18. h3 Qe7 19. Qb3 Rad8 20. Rfe1 Ne4 21. Bd3
Qf6 22. Bxe4 Bxe4 23. Nd2 Bg6 24. e4 Bf7 25. Qg3 d4 26. Rad1 Rd7 27. Bc1 a5 28.
Nf3 Qg6 29. Bg5 1/2-1/2

[Event "17eme open Louviers"]
[Site "?"]
[Date "2013.11.10"]
[Round "3"]
[White "Garcia, Adrien"]
[Black "Langlet, Stephanie"]
[Result "1-0"]
[WhiteElo "1785"]
[BlackElo "1590"]
[PlyCount "115"]
[EventDate "2012.05.13"]
[SourceDate "2013.11.29"]

1. Nf3 d5 2. d4 Nf6 3. e3 Bg4 4. h3 Bh5 5. c4 c5 6. cxd5 Qxd5 7. Qa4+ Nc6 8.
Nc3 Qd7 9. Be2 e6 10. O-O Be7 11. dxc5 Bxc5 12. Rd1 Qc8 13. e4 O-O 14. Bg5 Be7
15. e5 Nd5 16. Bxe7 Ndxe7 17. Qh4 Bxf3 18. Bxf3 Nf5 19. Qe4 Qc7 20. Re1 Rad8
21. Rad1 Rxd1 22. Bxd1 Rd8 23. Bb3 Rd2 24. g4 Nh4 25. Qe3 a6 26. Ne4 Rd4 27. f4
Qa5 28. Rc1 Qb6 29. Rxc6 Rd1+ 30. Kf2 Qxc6 31. Bxd1 h6 32. Kg3 Ng6 33. Bb3 Ne7
34. Nc3 f5 35. Qf3 Qb6 36. Kg2 g6 37. Na4 Qb4 38. Bxe6+ Kg7 39. Nc3 Qxb2+ 40.
Ne2 Qc2 41. Bb3 Qd2 42. Kf2 Nc6 43. gxf5 gxf5 44. Qd5 Qxd5 45. Bxd5 Kf8 46.
Bxc6 bxc6 47. Ke3 Ke7 48. Kd4 a5 49. Kc5 Kd7 50. Nd4 a4 51. Nxf5 h5 52. Ng7 h4
53. f5 Ke7 54. f6+ Kf7 55. Kd6 c5 56. Nh5 c4 57. e6+ Kf8 58. Kd7 1-0

[Event "17eme open Louviers"]
[Site "?"]
[Date "2013.11.10"]
[Round "3"]
[White "Le Gallic, Yann"]
[Black "Josse, Sebastien"]
[Result "0-1"]
[WhiteElo "1619"]
[BlackElo "1784"]
[PlyCount "112"]
[EventDate "2012.05.13"]
[SourceDate "2013.11.29"]

1. e4 d5 2. Nc3 d4 3. Nce2 c5 4. Ng3 e5 5. Nf3 Nc6 6. Bb5 Bd6 7. O-O Nge7 8. d3
a6 9. Bxc6+ Nxc6 10. Bg5 f6 11. Bd2 Bg4 12. h3 Be6 13. b3 h5 14. Nh4 Bf7 15.
Ngf5 g6 16. Nh6 Qe7 17. Nxf7 Kxf7 18. f4 exf4 19. Bxf4 Bxf4 20. Rxf4 Qe5 21.
Rf2 Qg3 22. Nf3 Kg7 23. Re2 Rae8 24. Qe1 Qxe1+ 25. Raxe1 Ne5 26. Nxe5 Rxe5 27.
Kf2 b5 28. Ra1 Rhe8 29. a4 f5 30. axb5 axb5 31. Rae1 fxe4 32. Rxe4 Rxe4 33.
dxe4 Kf6 34. Kf3 Ke5 35. g3 Rf8+ 36. Kg2 Ra8 37. Re2 Ra2 38. Kf3 c4 39. bxc4
bxc4 40. Kf2 c3 41. Ke1 Ra1+ 42. Kf2 g5 43. Kg2 g4 44. hxg4 hxg4 45. Kf2 Rd1
46. Re1 Rd2+ 47. Re2 Rxe2+ 48. Kxe2 Kxe4 49. Kf2 d3 50. cxd3+ Kxd3 51. Ke1 c2
52. Kf2 c1=Q 53. Kg2 Qd2+ 54. Kg1 Ke3 55. Kh1 Kf3 56. Kg1 Qg2# 0-1